Vybrané problémy DPH
Poukázanie na problémy a nejasnosti pri uplatňovaní dane z hodnoty pridanej v praxi. čo musí platiteľ zohľadniť pri posudzovaní dosiahnutej výšky obratu. Ako postupuje platiteľ pri prefakturácii služieb. Ako posudzuje platiteľ z hľadiska zákona o DPH poskytnutie daru do zahraničia. Dovoz tovaru a ná...
Enregistré dans:
| Auteur principal: | |
|---|---|
| Format: | Chapitre de livre |
| Langue: | slovaque |
| Sujets: | |
| Tags: |
Pas de tags, Soyez le premier à ajouter un tag!
|
MARC
| LEADER | 00000naa a2200000 4500 | ||
|---|---|---|---|
| 001 | r046899 | ||
| 005 | 20231003085604.8 | ||
| 041 | 0 | |a slo | |
| 044 | |a SK | ||
| 245 | 1 | 0 | |a Vybrané problémy DPH |c Anna Jurišová |
| 520 | |a Poukázanie na problémy a nejasnosti pri uplatňovaní dane z hodnoty pridanej v praxi. čo musí platiteľ zohľadniť pri posudzovaní dosiahnutej výšky obratu. Ako postupuje platiteľ pri prefakturácii služieb. Ako posudzuje platiteľ z hľadiska zákona o DPH poskytnutie daru do zahraničia. Dovoz tovaru a nárok na odpočet dane. | ||
| 610 | 2 | 0 | |a dane z hodnoty pridanej |
| 610 | 2 | 0 | |a obrat peňažný |
| 610 | 2 | 0 | |a príjmy |
| 610 | 2 | 0 | |a oslobodenie od daní |
| 610 | 2 | 0 | |a podnikatelia |
| 610 | 2 | 0 | |a osoby fyzické |
| 610 | 2 | 0 | |a novelizácia |
| 610 | 2 | 0 | |a zákony |
| 610 | 2 | 0 | |a 2002 |
| 100 | 1 | |a Jurišová, Anna | |